[Event "SVK-chT3A2 1516"]
[Site "Slovakia"]
[Date "2016.02.21"]
[Round "8.5"]
[White "Stepanovic, Branislav"]
[Black "Sosna, Jan"]
[Result "0-1"]
[WhiteElo "2002"]
[BlackElo "2341"]
[PlyCount "41"]
[EventDate "2015.10.11"]
[EventType "team-tourn"]
[EventRounds "11"]
[EventCountry "SVK"]
[SourceTitle "EXT 2020"]
[Source "ChessBase"]
[SourceDate "2019.10.17"]
[SourceVersion "1"]
[SourceVersionDate "2019.10.17"]
[SourceQuality "1"]
[WhiteTeam "Piestany Kupele"]
[BlackTeam "Senica SK"]
[WhiteTeamCountry "SVK"]
[BlackTeamCountry "SVK"]

1. e4 e5 2. Nf3 Nc6 3. Bb5 Nf6 4. 0-0 Nxe4 5. d4 Nd6 6. dxe5 Nxb5 7. a4 d6 8. axb5 Nxe5 9. Re1 Be7 10. Nd4 0-0 11. f4 Bg4 12. Qd2 Nc4 13. Qb4 Nb6 14. h3 Bd7 15. Ra3 Re8 16. c4 d5 17. c5 Nc4 18. Rd3 b6 19. Nb3 bxc5 20. Nxc5 Bxc5+ 21. Qxc5 0-1

[Event "SVK-chT3A2 1516"]
[Site "Slovakia"]
[Date "2015.10.25"]
[Round "2.5"]
[White "Veselsky, Jozef"]
[Black "Stepanovic, Branislav"]
[Result "1-0"]
[WhiteElo "2075"]
[BlackElo "2002"]
[PlyCount "61"]
[EventDate "2015.10.11"]
[EventType "team-tourn"]
[EventRounds "11"]
[EventCountry "SVK"]
[SourceTitle "EXT 2020"]
[Source "ChessBase"]
[SourceDate "2019.10.17"]
[SourceVersion "1"]
[SourceVersionDate "2019.10.17"]
[SourceQuality "1"]
[WhiteTeam "Gbely Nafta"]
[BlackTeam "Piestany Kupele"]
[WhiteTeamCountry "SVK"]
[BlackTeamCountry "SVK"]

1. d4 d5 2. Nf3 Nf6 3. c4 e6 4. Nc3 Be7 5. Bg5 0-0 6. e3 Nbd7 7. Bd3 c5 8. cxd5 exd5 9. 0-0 b6 10. Rc1 Bb7 11. Bb1 Rc8 12. Bf5 g6 13. Bh3 c4 14. Ne5 Ra8 15. f4 Nxe5 16. fxe5 Ne4 17. Bh6 Nxc3 18. Rxc3 Bb4 19. Rc2 Re8 20. Qf3 Qc7 21. Rcf2 Bf8 22. Bg5 f5 23. exf6 Qf7 24. Bd7 Re4 25. Ba4 h6 26. Bf4 Qxf6 27. Qg3 g5 28. Be5 Qe6 29. Rf6 Qg4 30. Qf2 Qc8 31. Rg6+ 1-0

[Event "SVK-chT3A2 1415"]
[Site "Slovakia"]
[Date "2014.12.14"]
[Round "5.6"]
[White "Lopatievov, Alexander"]
[Black "Stepanovic, Branislav"]
[Result "1/2-1/2"]
[WhiteElo "1926"]
[BlackElo "2003"]
[PlyCount "140"]
[EventDate "2014.10.19"]
[EventType "team-tourn"]
[EventRounds "11"]
[EventCountry "SVK"]
[SourceTitle "EXT 2019"]
[Source "ChessBase"]
[SourceDate "2018.10.10"]
[SourceVersion "1"]
[SourceVersionDate "2018.10.10"]
[SourceQuality "1"]

1. b4 d5 2. Bb2 Nf6 3. e3 e6 4. a3 Be7 5. c4 0-0 6. Nf3 c5 7. bxc5 Bxc5 8. d4 Be7 9. Nbd2 b6 10. cxd5 exd5 11. Bd3 Bb7 12. 0-0 Ne4 13. Qc2 f5 14. Ne5 Nxd2 15. Qxd2 Nd7 16. f4 Nxe5 17. fxe5 Qd7 18. Qc2 Rac8 19. Qb3 Kh8 20. a4 Bg5 21. Rf3 g6 22. a5 Bc6 23. Ba3 Rfe8 24. axb6 Rb8 25. Bc5 axb6 26. Bd6 Ra8 27. Rb1 Bd8 28. Rff1 Ra5 29. Ra1 Bg5 30. Qxb6 Bxe3+ 31. Kh1 Ra4 32. Rxa4 Bxa4 33. Ra1 Rc8 34. Bc5 Bc6 35. Ra7 Qd8 36. Qxd8+ Rxd8 37. Ra6 Ra8 38. g3 Rxa6 39. Bxa6 Bd7 40. Bb7 Be6 41. Kg2 g5 42. Kf3 Bd2 43. Ke2 Bc1 44. Bc6 g4 45. Kf2 Kg7 46. Be8 f4 47. Bb5 Be3+ 48. Kg2 f3+ 49. Kf1 Bf5 50. Ba6 Kf7 51. Bb5 Ke6 52. Bb6 h5 53. Bc5 Bg6 54. Bb6 Bc2 55. Bc5 Bb3 56. Ke1 Bg1 57. Kf1 Bxh2 58. Kf2 Bd1 59. Ba6 h4 60. Bc8+ Kf7 61. e6+ Kf6 62. Bd6 Bxg3+ 63. Bxg3 hxg3+ 64. Kxg3 Ke7 65. Bb7 Bb3 66. Ba6 Bd1 67. Bb7 Kxe6 68. Bc8+ Kf6 69. Bxg4 Kg5 70. Be6 Bb3 1/2-1/2

[Event "SVK-chT3A2 1314"]
[Site "Slovakia"]
[Date "2013.12.15"]
[Round "5.6"]
[White "Stepanovic, Branislav"]
[Black "Kubis, Ivan"]
[Result "1-0"]
[WhiteElo "1999"]
[BlackElo "1992"]
[PlyCount "59"]
[EventDate "2013.10.13"]
[EventType "team-tourn"]
[EventRounds "11"]
[EventCountry "SVK"]
[SourceTitle "EXT 2015"]
[Source "ChessBase"]
[SourceDate "2014.11.20"]
[SourceVersion "1"]
[SourceVersionDate "2014.11.20"]
[SourceQuality "1"]
[WhiteTeam "Piestany Kupele"]
[BlackTeam "Skalica"]
[WhiteTeamCountry "SVK"]
[BlackTeamCountry "SVK"]

1. e4 e5 2. Nf3 Nc6 3. Bb5 a6 4. Ba4 Nf6 5. 0-0 Be7 6. Re1 b5 7. Bb3 0-0 8. a4 Bb7 9. axb5 axb5 10. Rxa8 Bxa8 11. Na3 b4 12. Nc4 d6 13. c3 bxc3 14. bxc3 Nxe4 15. Rxe4 d5 16. Rg4 dxc4 17. Bxc4 Bf6 18. Ba3 Be7 19. Bxe7 Qxe7 20. Qe2 Kh8 21. Bd5 f5 22. Ra4 Qc5 23. c4 e4 24. Ng5 Rb8 25. h4 Na5 26. Qh5 h6 27. Nf7+ Kh7 28. Qxf5+ g6 29. Ng5+ hxg5 30. Bg8+ 1-0

[Event "SVK-chT2A 1112"]
[Site "Slovakia"]
[Date "2011.10.08"]
[Round "1.6"]
[White "Mandak, Miroslav"]
[Black "Stepanovic, Branislav"]
[Result "1-0"]
[WhiteElo "2003"]
[BlackElo "1995"]
[PlyCount "105"]
[EventDate "2011.10.08"]
[EventType "team-tourn"]
[EventRounds "11"]
[EventCountry "SVK"]
[SourceTitle "EXT 2013"]
[Source "ChessBase"]
[SourceDate "2012.11.22"]
[SourceVersion "1"]
[SourceVersionDate "2012.11.22"]
[SourceQuality "1"]
[WhiteTeam "Krasnany"]
[BlackTeam "Piestany Kupele"]
[WhiteTeamCountry "SVK"]
[BlackTeamCountry "SVK"]

1. Nf3 c5 2. c4 Nf6 3. d4 cxd4 4. Nxd4 Nc6 5. Nc3 d6 6. g3 g6 7. Bg2 Bd7 8. Nc2 Bg7 9. 0-0 Rc8 10. Bd2 Be6 11. Ne3 0-0 12. Rb1 Qd7 13. Re1 Bh3 14. b3 Bxg2 15. Nxg2 h6 16. e4 g5 17. f4 Qh3 18. Ne3 gxf4 19. gxf4 Nd4 20. Rf1 h5 21. Rf2 Ng4 22. Nxg4 hxg4 23. Ne2 Nf3+ 24. Kh1 Rc5 25. f5 Be5 26. Ng1 Nxg1 27. Qxg1 Bd4 28. Qg2 Bxf2 29. Qxf2 Qf3+ 30. Qxf3 gxf3 31. Rg1+ Kh7 32. Rg3 Rg8 33. Rh3+ Kg7 34. Rg3+ Kf8 35. Bh6+ Ke8 36. Rxg8+ Kd7 37. Kg1 b5 38. Be3 Re5 39. cxb5 Rxe4 40. Bxa7 Re5 41. a4 Rxf5 42. Kf2 e5 43. Rg1 Rh5 44. Kxf3 Rxh2 45. Rg2 Rh1 46. Bg1 d5 47. Rg7 Ke6 48. a5 Rh3+ 49. Kg2 Rxb3 50. b6 Rb2+ 51. Kh1 Kf6 52. Rg2 Rb3 53. a6 1-0

[Event "SVK-chT2A 10/11"]
[Site "Slovakia"]
[Date "2011.02.06"]
[Round "7.6"]
[White "Diviak, Rastislav"]
[Black "Stepanovic, Branislav"]
[Result "1-0"]
[WhiteElo "2014"]
[BlackElo "2011"]
[PlyCount "79"]
[EventDate "2010.10.23"]
[EventType "team-tourn"]
[EventRounds "11"]
[EventCountry "SVK"]
[SourceTitle "EXT 2019"]
[Source "ChessBase"]
[SourceDate "2018.10.10"]
[SourceVersion "1"]
[SourceVersionDate "2018.10.10"]
[SourceQuality "1"]
[WhiteTeam "Osuske II"]
[BlackTeam "Piestany Kupele"]
[WhiteTeamCountry "SVK"]
[BlackTeamCountry "SVK"]

1. e4 c5 2. Nf3 Nc6 3. d4 cxd4 4. Nxd4 Nf6 5. Nc3 d6 6. Be2 e6 7. Be3 Be7 8. 0-0 0-0 9. f4 a6 10. Bf3 Qc7 11. Qe1 Nxd4 12. Bxd4 e5 13. Be3 exf4 14. Bxf4 Qb6+ 15. Be3 Qxb2 16. Qd2 Qa3 17. Rab1 Re8 18. Bb6 Be6 19. Bd4 Rab8 20. Qg5 h6 21. Qg3 Kh7 22. Nd5 Bxd5 23. exd5 Kh8 24. Qh4 Ng8 25. Qh5 Bf6 26. Bxf6 Nxf6 27. Qxf7 Qe3+ 28. Kh1 Re7 29. Qg6 b5 30. a4 Rbe8 31. axb5 axb5 32. Rxb5 Qf2 33. Rbb1 Qd2 34. Rbd1 Qe3 35. h3 Re5 36. Rd3 Qc5 37. Rb3 Rc8 38. Rb7 Rg5 39. Qf7 Qxc2 40. Rfb1 1-0

[Event "SVK-chT2A 10/11"]
[Site "Slovakia"]
[Date "2010.12.05"]
[Round "4.4"]
[White "Stepanovic, Branislav"]
[Black "Krajnak, Robert"]
[Result "0-1"]
[WhiteElo "2011"]
[BlackElo "2083"]
[PlyCount "116"]
[EventDate "2010.10.23"]
[EventType "team-tourn"]
[EventRounds "11"]
[EventCountry "SVK"]
[SourceTitle "EXT 2019"]
[Source "ChessBase"]
[SourceDate "2018.10.10"]
[SourceVersion "1"]
[SourceVersionDate "2018.10.10"]
[SourceQuality "1"]
[WhiteTeam "Piestany Kupele"]
[BlackTeam "Bratislava Doprastav III"]
[WhiteTeamCountry "SVK"]
[BlackTeamCountry "SVK"]

1. e4 c5 2. Nf3 e6 3. d4 cxd4 4. Nxd4 Nc6 5. Nc3 d6 6. Be2 Nf6 7. Be3 Be7 8. 0-0 Bd7 9. f4 0-0 10. Qe1 Nxd4 11. Bxd4 Bc6 12. Qg3 Re8 13. Rad1 Bf8 14. Bf3 Nd7 15. Kh1 b5 16. a3 a5 17. e5 Bxf3 18. Qxf3 b4 19. axb4 axb4 20. Ne4 Qc7 21. Rd2 Ra5 22. exd6 Bxd6 23. Qg3 Bf8 24. f5 Qxg3 25. Nxg3 Rd5 26. c4 bxc3 27. Bxc3 Rxd2 28. Bxd2 exf5 29. Nxf5 Re2 30. Bc3 Nb6 31. Nd4 Re3 32. Nf5 Rd3 33. h3 Nd5 34. Rc1 g6 35. Nd4 Bh6 36. Rc2 Rd1+ 37. Kh2 Ne3 38. Re2 Nf1+ 39. Kg1 Be3+ 40. Rxe3 Nxe3+ 41. Kf2 Nd5 42. Ne2 Nxc3 43. bxc3 f5 44. h4 Kf7 45. g3 Ke6 46. Nd4+ Kd5 47. h5 Rxd4 48. cxd4 Kxd4 49. hxg6 hxg6 50. Kf3 g5 51. Kg2 Ke4 52. Kf2 Kd3 53. Kf3 Kd2 54. g4 f4 55. Kf2 Kd3 56. Kf3 Kd4 57. Ke2 Ke4 58. Kf2 f3 0-1

[Event "SVK-chT2A 0809"]
[Site "Slovakia"]
[Date "2009.02.01"]
[Round "9.5"]
[White "Stepanovic, Branislav"]
[Black "Chovanec, Vladimir"]
[Result "0-1"]
[WhiteElo "2014"]
[BlackElo "2083"]
[PlyCount "58"]
[EventDate "2008.10.11"]
[EventType "team-tourn"]
[EventRounds "11"]
[EventCountry "SVK"]
[SourceTitle "EXT 2010"]
[Source "ChessBase"]
[SourceDate "2010.11.25"]
[SourceVersion "1"]
[SourceVersionDate "2010.11.25"]
[SourceQuality "1"]
[WhiteTeam "Piestany Kupele"]
[BlackTeam "Bratislava Slavia STU"]
[WhiteTeamCountry "SVK"]
[BlackTeamCountry "SVK"]

1. e4 c5 2. Nf3 Nc6 3. d4 cxd4 4. Nxd4 e5 5. Nb5 d6 6. N1a3 a6 7. Nc3 b5 8. Nd5 Nge7 9. c4 Nd4 10. cxb5 Nxd5 11. exd5 Qh4 12. Bd3 Bg4 13. Qd2 Bf3 14. Kf1 Bxg2+ 15. Kxg2 Qg4+ 16. Kf1 Qh3+ 17. Ke1 Nf3+ 18. Kd1 Nxd2 19. Kxd2 Be7 20. Nc4 Qf3 21. Rf1 0-0 22. Ne3 axb5 23. Bxb5 Bg5 24. Kc3 Rfc8+ 25. Bc4 f5 26. Kb4 Rcb8+ 27. Bb5 Qe2 28. Nc4 Qxf1 29. Bxg5 Qxa1 0-1

[Event "SVK-chT2A 0708"]
[Site "Slovakia"]
[Date "2008.02.02"]
[Round "8.6"]
[White "Hecht, Tomas"]
[Black "Stepanovic, Branislav"]
[Result "1/2-1/2"]
[WhiteElo "1986"]
[BlackElo "2024"]
[PlyCount "72"]
[EventDate "2007.10.06"]
[EventType "team-tourn"]
[EventRounds "11"]
[EventCountry "SVK"]
[SourceTitle "EXT 2010"]
[Source "ChessBase"]
[SourceDate "2010.11.25"]
[SourceVersion "1"]
[SourceVersionDate "2010.11.25"]
[SourceQuality "1"]
[WhiteTeam "Bratislava Doprastav"]
[BlackTeam "Piestany Kupele"]
[WhiteTeamCountry "SVK"]
[BlackTeamCountry "SVK"]

1. e4 c5 2. c3 d5 3. exd5 Qxd5 4. d4 cxd4 5. cxd4 Nc6 6. Nf3 Bg4 7. Be2 e6 8. Nc3 Bb4 9. 0-0 Qd7 10. d5 exd5 11. Nxd5 0-0-0 12. Nxb4 Qxd1 13. Bxd1 Nxb4 14. Bg5 Rd5 15. Rc1+ Nc6 16. Bh4 Nh6 17. h3 Be6 18. Bb3 Rd7 19. Ba4 Nf5 20. Bxc6 bxc6 21. Rxc6+ Kb7 22. Rfc1 Nxh4 23. Nxh4 Bxa2 24. Nf5 Rhd8 25. Ne3 Be6 26. R6c5 a6 27. b4 Ka7 28. b5 axb5 29. Rxb5 Rb7 30. Rbc5 Rd2 31. Nc4 Bxc4 32. R5xc4 Kb8 33. Rc8+ Ka7 34. g4 f6 35. Ra1+ Kb6 36. Rb1+ Ka7 1/2-1/2

[Event "SVK-chT2A 0708"]
[Site "Slovakia"]
[Date "2007.10.07"]
[Round "2.8"]
[White "Stepanovic, Branislav"]
[Black "Jelenciak, Jozef"]
[Result "1/2-1/2"]
[WhiteElo "2024"]
[BlackElo "1954"]
[PlyCount "107"]
[EventDate "2007.10.06"]
[EventType "team-tourn"]
[EventRounds "11"]
[EventCountry "SVK"]
[SourceTitle "EXT 2010"]
[Source "ChessBase"]
[SourceDate "2010.11.25"]
[SourceVersion "1"]
[SourceVersionDate "2010.11.25"]
[SourceQuality "1"]
[WhiteTeam "Piestany Kupele"]
[BlackTeam "Bratislava Doprastav II"]
[WhiteTeamCountry "SVK"]
[BlackTeamCountry "SVK"]

1. e4 Nf6 2. e5 Nd5 3. c4 Nb6 4. c5 Nd5 5. Bc4 c6 6. Nc3 d6 7. Nxd5 cxd5 8. Bb5+ Nc6 9. cxd6 exd6 10. exd6 Bxd6 11. Nf3 0-0 12. 0-0 Bg4 13. h3 Bh5 14. Be2 Bg6 15. d4 Bc7 16. a3 Re8 17. b4 Qd6 18. b5 Nxd4 19. Qxd4 Rxe2 20. Qb4 Qd7 21. Rd1 Bb6 22. Nd4 Re4 23. Bb2 Rc8 24. Rac1 Rxc1 25. Rxc1 f5 26. a4 f4 27. f3 Re8 28. a5 Bc7 29. b6 axb6 30. axb6 Bd6 31. Qb3 Bf7 32. Qd3 Rc8 33. Rxc8+ Qxc8 34. Nf5 Bf8 35. Kh2 Qc4 36. Qd2 Qb5 37. Qd4 Qd7 38. Nxg7 Bg6 39. Nh5 Bxh5 40. Qh8+ Kf7 41. Qxh7+ Ke8 42. Qxh5+ Qf7 43. Qe5+ Be7 44. Qb8+ Bd8 45. Be5 Qe7 46. Bxf4 d4 47. Bc7 d3 48. Bxd8 Qxd8 49. Qe5+ Kf7 50. Qf4+ Ke8 51. Qd2 Qd4 52. Kg3 Kd7 53. f4 Kc6 54. f5 1/2-1/2

[Event "Piestany Pressburg op"]
[Site "Piestany"]
[Date "2006.11.16"]
[Round "2"]
[White "Borik, Juraj"]
[Black "Stepanovic, Branislav"]
[Result "1-0"]
[WhiteElo "2255"]
[BlackElo "2054"]
[PlyCount "65"]
[EventDate "2006.11.15"]
[EventType "swiss"]
[EventRounds "7"]
[EventCountry "SVK"]
[SourceTitle "EXT 2008"]
[Source "ChessBase"]
[SourceDate "2007.11.25"]
[SourceVersion "1"]
[SourceVersionDate "2007.11.25"]
[SourceQuality "1"]

1. Nc3 d5 2. e4 d4 3. Nce2 e5 4. d3 c5 5. f4 Nc6 6. h3 Bd6 7. Nf3 f5 8. exf5 Bxf5 9. g4 e4 10. Ng3 exf3 11. Nxf5 g6 12. Nxd6+ Qxd6 13. Qxf3 0-0-0 14. Bg2 Re8+ 15. Kf2 Qe7 16. Bd2 Qh4+ 17. Kg1 Qd8 18. Kh2 Nge7 19. Rhe1 h5 20. Kg1 hxg4 21. hxg4 Rh4 22. Re6 Qd7 23. Rae1 Nd8 24. f5 gxf5 25. gxf5 Nxe6 26. fxe6 Qc7 27. Bg5 Rhh8 28. Bf4 Qb6 29. Re5 Nc6 30. Rh5 Qxb2 31. e7 Qb1+ 32. Kh2 Qxc2 33. Qg4# 1-0

[Event "Piestany op"]
[Site "Piestany"]
[Date "2005.11.19"]
[Round "6"]
[White "Stepanovic, Branislav"]
[Black "Borkovec, Milan"]
[Result "0-1"]
[WhiteElo "2027"]
[BlackElo "2263"]
[PlyCount "84"]
[EventDate "2005.11.16"]
[EventType "swiss"]
[EventRounds "7"]
[EventCountry "SVK"]
[SourceTitle "CBM 109 Extra"]
[Source "ChessBase"]
[SourceDate "2006.01.03"]
[SourceVersion "2"]
[SourceVersionDate "2006.01.03"]
[SourceQuality "1"]

1. e4 d5 2. exd5 Nf6 3. d4 Nxd5 4. c4 Nb6 5. Nf3 Bg4 6. c5 Nd5 7. Qb3 Bc8 8. Bc4 e6 9. 0-0 Be7 10. Nc3 Nxc3 11. Qxc3 0-0 12. Be3 Nd7 13. Rad1 Nf6 14. Ne5 Nd5 15. Qd2 c6 16. b4 Bf6 17. Ng4 Be7 18. f4 b5 19. Bb3 a5 20. a3 g6 21. Ne5 Bb7 22. Qe1 Bf6 23. Nf3 Bg7 24. Bc1 axb4 25. axb4 Ra1 26. Bd2 Rxd1 27. Qxd1 Ne7 28. Bc3 Qc7 29. Qc1 Rd8 30. g3 Nf5 31. Qb2 h5 32. Re1 h4 33. Kg2 Bf6 34. Re4 hxg3 35. hxg3 Ne7 36. Re1 Nd5 37. Kf2 Kg7 38. Rh1 Qd7 39. Be1 Ra8 40. Bc2 Ne7 41. Bc3 Nd5 42. Rh2 Nxb4 0-1

[Event "Piestany op"]
[Site "Piestany"]
[Date "2005.11.17"]
[Round "2"]
[White "Stepanovic, Branislav"]
[Black "Skreno, Vladimir"]
[Result "1/2-1/2"]
[WhiteElo "2027"]
[BlackElo "2192"]
[PlyCount "65"]
[EventDate "2005.11.16"]
[EventType "swiss"]
[EventRounds "7"]
[EventCountry "SVK"]
[SourceTitle "CBM 109 Extra"]
[Source "ChessBase"]
[SourceDate "2006.01.03"]
[SourceVersion "2"]
[SourceVersionDate "2006.01.03"]
[SourceQuality "1"]

1. e4 c5 2. Nf3 Nc6 3. d4 cxd4 4. Nxd4 e5 5. Nb5 a6 6. Nd6+ Bxd6 7. Qxd6 Qf6 8. Qd1 Qg6 9. Nc3 Nge7 10. h4 h5 11. Bg5 d5 12. exd5 Nd4 13. Bd3 Bf5 14. Rg1 f6 15. Be3 Bxd3 16. cxd3 Nef5 17. Bxd4 Nxd4 18. Kf1 Rd8 19. a4 Nf5 20. a5 Ne7 21. Qa4+ Kf8 22. Qe4 Qf7 23. Rc1 g6 24. g3 Kg7 25. Kg2 Rd7 26. d4 exd4 27. Qxd4 Rhd8 28. Rge1 Nxd5 29. Nxd5 Rxd5 30. Qc4 R8d7 31. b4 Rd4 32. Qxf7+ Kxf7 33. Rb1 1/2-1/2

[Event "Piestany op"]
[Site "Piestany"]
[Date "2005.11.17"]
[Round "3"]
[White "Tepper, Frantisek"]
[Black "Stepanovic, Branislav"]
[Result "0-1"]
[WhiteElo "2216"]
[BlackElo "2027"]
[PlyCount "65"]
[EventDate "2005.11.16"]
[EventType "swiss"]
[EventRounds "7"]
[EventCountry "SVK"]
[SourceTitle "CBM 109 Extra"]
[Source "ChessBase"]
[SourceDate "2006.01.03"]
[SourceVersion "2"]
[SourceVersionDate "2006.01.03"]
[SourceQuality "1"]

1. e4 c5 2. Nf3 Nc6 3. Bb5 g6 4. 0-0 Bg7 5. c3 e5 6. d3 Nge7 7. Be3 b6 8. d4 cxd4 9. cxd4 exd4 10. Nxd4 0-0 11. Nc3 Bb7 12. Qd2 a6 13. Be2 b5 14. Rfd1 Re8 15. Nb3 Ne5 16. f3 Bc6 17. a3 Qc7 18. Rac1 Nc4 19. Bxc4 bxc4 20. Nd4 Bb7 21. Nde2 Rad8 22. Na4 Qc6 23. b3 d5 24. Bb6 Rc8 25. exd5 Nxd5 26. Rxc4 Qb5 27. Rxc8 Rxc8 28. Bd4 Bf8 29. Nac3 Nxc3 30. Bxc3 Qxb3 31. Qd4 f6 32. Re1 Qf7 33. Qxf6 0-1

[Event "SVK-chT1W 0405"]
[Site "Slovakia"]
[Date "2005.??.??"]
[Round "7"]
[White "Stepanovic, Branislav"]
[Black "Prievalsky, Juraj"]
[Result "0-1"]
[WhiteElo "2048"]
[BlackElo "1999"]
[PlyCount "66"]
[EventDate "2004.10.??"]
[EventType "team-tourn"]
[EventRounds "11"]
[EventCountry "SVK"]
[SourceTitle "EXT 2006"]
[Source "ChessBase"]
[SourceDate "2005.11.24"]
[SourceVersion "1"]
[SourceVersionDate "2005.11.24"]
[SourceQuality "1"]

1. e4 c5 2. Nf3 d6 3. d4 cxd4 4. Nxd4 Nf6 5. Nc3 a6 6. Bg5 e6 7. f4 Be7 8. Qf3 Qc7 9. 0-0-0 Nbd7 10. g4 b5 11. Bxf6 gxf6 12. Bg2 Bb7 13. Rhe1 Rc8 14. Rd2 Nc5 15. Re3 b4 16. Nce2 Qa5 17. a3 Qa4 18. Kd1 h5 19. gxh5 f5 20. Qh3 Bxe4 21. Bxe4 Nxe4 22. Rxe4 fxe4 23. f5 e5 24. f6 Rb8 25. fxe7 exd4 26. Nxd4 bxa3 27. bxa3 Qc4 28. Ke1 Kxe7 29. Qh4+ Kf8 30. Qf6 Rb1+ 31. Rd1 Rxd1+ 32. Kxd1 Rxh5 33. Qxd6+ Kg7 0-1

[Event "Piestany op"]
[Site "Piestany"]
[Date "2004.11.19"]
[Round "4"]
[White "Ruzicka, Milan"]
[Black "Stepanovic, Branislav"]
[Result "1-0"]
[WhiteElo "2069"]
[BlackElo "2057"]
[PlyCount "77"]
[EventDate "2004.11.17"]
[EventType "swiss"]
[EventRounds "7"]
[EventCountry "SVK"]
[SourceTitle "EXT 2006"]
[Source "ChessBase"]
[SourceDate "2005.11.24"]
[SourceVersion "1"]
[SourceVersionDate "2005.11.24"]
[SourceQuality "1"]

1. d4 Nf6 2. Nf3 g6 3. c4 Bg7 4. Nc3 d5 5. cxd5 Nxd5 6. e4 Nxc3 7. bxc3 0-0 8. Be2 c5 9. 0-0 Nc6 10. Be3 cxd4 11. cxd4 Bg4 12. Rb1 Bxf3 13. Bxf3 Nxd4 14. Rxb7 Nxf3+ 15. Qxf3 Re8 16. Rd1 Qa5 17. Qe2 a6 18. g3 Rab8 19. Ra7 Qb4 20. Qxa6 Qxe4 21. Qd3 Qe6 22. Qd7 Qe4 23. Qd5 Qg4 24. a4 h5 25. a5 h4 26. a6 h3 27. Rd7 e6 28. Qd3 Qf3 29. Qf1 Rb3 30. a7 Bf8 31. Qxh3 Rxe3 32. fxe3 Bc5 33. Qg2 Qxe3+ 34. Kh1 Bxa7 35. Qb7 Rb8 36. Qxa7 Qe4+ 37. Kg1 Rb2 38. Rd8+ Kg7 39. Qd4+ 1-0

[Event "SVK-chT1W 0304"]
[Site "Slovakia"]
[Date "2004.??.??"]
[Round "8"]
[White "Stepanovic, Branislav"]
[Black "Federic, Pavol"]
[Result "0-1"]
[WhiteElo "2090"]
[BlackElo "2135"]
[PlyCount "100"]
[EventDate "2003.10.??"]
[EventType "team-tourn"]
[EventRounds "9"]
[EventCountry "SVK"]
[SourceTitle "EXT 2005"]
[Source "ChessBase"]
[SourceDate "2004.11.15"]
[SourceVersion "1"]
[SourceVersionDate "2004.11.15"]
[SourceQuality "1"]

1. e4 e5 2. Nf3 Nc6 3. Bb5 a6 4. Ba4 Nf6 5. 0-0 Nxe4 6. d4 b5 7. Bb3 d5 8. dxe5 Be6 9. c3 Be7 10. Qe2 0-0 11. Bc2 Nc5 12. Nd4 Qd7 13. b4 Nxd4 14. cxd4 Nb7 15. f4 f5 16. Bd2 a5 17. bxa5 Nxa5 18. Bxa5 Rxa5 19. Nd2 Rfa8 20. Bb3 Ba3 21. Rad1 h6 22. Nf3 Bf7 23. h3 Qe6 24. Kh2 Rd8 25. Qd2 Ra6 26. Qe3 Qe7 27. Qd3 Qd7 28. Rd2 c6 29. Rc2 Be7 30. Re2 Be6 31. Rg1 Rf8 32. Rge1 Kh8 33. Qe3 Kh7 34. Qd3 Rb8 35. Rg1 Rbb6 36. g4 g6 37. Rc2 fxg4 38. hxg4 Bxg4 39. Rcg2 Bf5 40. Qe2 c5 41. Bc2 cxd4 42. Bxf5 Qxf5 43. Nh4 Bxh4 44. Rg4 Be7 45. Qg2 h5 46. Rg3 Rc6 47. Qxd5 Rc2+ 48. R1g2 Raxa2 49. Qxd4 h4 50. Rg4 Qxg4 0-1

[Event "SVK-chT1W 0405"]
[Site "Slovakia"]
[Date "2004.??.??"]
[Round "2"]
[White "Stepanovic, Branislav"]
[Black "Gajarsky, Roman"]
[Result "1/2-1/2"]
[WhiteElo "2057"]
[BlackElo "2025"]
[PlyCount "106"]
[EventDate "2004.10.??"]
[EventType "team-tourn"]
[EventRounds "11"]
[EventCountry "SVK"]
[SourceTitle "EXT 2006"]
[Source "ChessBase"]
[SourceDate "2005.11.24"]
[SourceVersion "1"]
[SourceVersionDate "2005.11.24"]
[SourceQuality "1"]

1. e4 e5 2. Nf3 Nf6 3. Nxe5 d6 4. Nf3 Nxe4 5. d4 d5 6. Bd3 Be7 7. 0-0 0-0 8. Re1 Nd6 9. Bf4 Bg4 10. Nbd2 Nc6 11. c3 Na5 12. Qc2 g6 13. Ne5 Bf5 14. b4 Bxd3 15. Qxd3 Nc6 16. Nxc6 bxc6 17. Re2 a5 18. bxa5 Rxa5 19. Nb3 Ra3 20. Bc1 Ra8 21. a4 Nc4 22. Bh6 Re8 23. Rae1 Qd7 24. a5 Bd6 25. Rxe8+ Rxe8 26. Ra1 Ra8 27. Nd2 Na3 28. c4 dxc4 29. Nxc4 Nb5 30. Be3 Bb4 31. Rb1 Bc3 32. Ne5 Qd5 33. Nxc6 Qxc6 34. Qxb5 Qxb5 35. Rxb5 Rxa5 36. Rxa5 Bxa5 37. Kf1 Kf8 38. Ke2 Ke7 39. Kd3 Kd6 40. Kc4 Bb6 41. Bf4+ Ke6 42. f3 h5 43. d5+ Kd7 44. Kb5 Bf2 45. Be5 Bh4 46. h3 Bf2 47. Kc4 c6 48. Bf4 Ba7 49. Bc1 Bf2 50. Ba3 Bg1 51. Bc5 Bh2 52. Kd4 Bg1+ 53. Kc4 Bh2 1/2-1/2

[Event "SVK-chT1W 0203"]
[Site "Slovakia"]
[Date "2003.03.16"]
[Round "11.7"]
[White "Borik, Milan"]
[Black "Stepanovic, Branislav"]
[Result "1/2-1/2"]
[WhiteElo "1951"]
[BlackElo "2060"]
[PlyCount "25"]
[EventDate "2002.10.12"]
[EventType "tourn"]
[EventRounds "11"]
[EventCountry "SVK"]
[SourceTitle "EXT 2005"]
[Source "ChessBase"]
[SourceDate "2004.11.15"]
[SourceVersion "1"]
[SourceVersionDate "2004.11.15"]
[SourceQuality "1"]
[WhiteTeam "Bratislava DP "]
[BlackTeam "Bratislava PI"]
[WhiteTeamCountry "SVK"]
[BlackTeamCountry "SVK"]

1. e4 c5 2. Nf3 d6 3. d4 cxd4 4. Nxd4 Nf6 5. Nc3 a6 6. Bd3 Nc6 7. Nb3 e6 8. 0-0 Be7 9. Kh1 0-0 10. f4 Re8 11. Be3 Qc7 12. Qe2 e5 13. f5 1/2-1/2

[Event "SVK-chT1W 0203"]
[Site "Slovakia"]
[Date "2003.02.08"]
[Round "8.5"]
[White "Stepanovic, Branislav"]
[Black "Syrovy, Ivan"]
[Result "1/2-1/2"]
[WhiteElo "2060"]
[BlackElo "2066"]
[PlyCount "117"]
[EventDate "2002.10.12"]
[EventType "tourn"]
[EventRounds "11"]
[EventCountry "SVK"]
[SourceTitle "EXT 2005"]
[Source "ChessBase"]
[SourceDate "2004.11.15"]
[SourceVersion "1"]
[SourceVersionDate "2004.11.15"]
[SourceQuality "1"]
[WhiteTeam "Bratislava PI"]
[BlackTeam "Devinska Nova Ves"]
[WhiteTeamCountry "SVK"]
[BlackTeamCountry "SVK"]

1. e4 c6 2. d4 d5 3. Nc3 dxe4 4. Nxe4 Nd7 5. Bc4 Ngf6 6. Ng5 e6 7. Qe2 Nb6 8. Bd3 h6 9. N5f3 Qc7 10. Ne5 Bd6 11. Ngf3 c5 12. dxc5 Bxc5 13. 0-0 Bd7 14. a3 Bd6 15. h3 0-0 16. c4 Bc6 17. Nxc6 Qxc6 18. b4 Nbd7 19. c5 Bb8 20. Bb2 a6 21. Rad1 Re8 22. Bb1 e5 23. Rfe1 e4 24. Nh2 Qc7 25. Nf1 Qf4 26. Qe3 Qh4 27. Ba2 Be5 28. Bxe5 Nxe5 29. Qg3 Qh5 30. Rd6 Kf8 31. Red1 Nd3 32. Ne3 Qe2 33. Bc4 Nh5 34. Qh4 g5 35. Qg4 Qxf2+ 36. Kh1 Ng3+ 37. Kh2 Qxe3 38. Qxg3 Qxg3+ 39. Kxg3 Nb2 40. Rc1 Nxc4 41. Rxc4 e3 42. Rc1 Rad8 43. Rxd8 Rxd8 44. Kf3 Rd3 45. c6 bxc6 46. Rxc6 Rxa3 47. Rxh6 Kg7 48. Rb6 f5 49. Rb7+ Kf6 50. Ra7 f4 51. b5 a5 52. b6 Rb3 53. b7 a4 54. Ra6+ Ke7 55. Rxa4 Rxb7 56. g3 Kd6 57. gxf4 gxf4 58. Rxf4 Re7 59. Ke2 1/2-1/2